书目信息 |
| 题名: |
君权与亲情
|
|
| 作者: | 岳洋 著 | |
| 分册: | ||
| 出版信息: | 济南 山东文艺出版社 1991.8 |
|
| 页数: | 252页 | |
| 开本: | 19cm | |
| 丛书名: | 文化广角丛书 | |
| 单 册: | ||
| 中图分类: | K224.09 , I276.3 | |
| 科图分类: | ||
| 主题词: | 君主制--中国--通俗读物 , 民间文学--中国 | |
| 电子资源: | ||
| ISBN: | 7-5329-0694-9 | |
| 000 | 00893nam2 2200301 45 | |
| 001 | 0192003392 | |
| 005 | 20040413142206.7 | |
| 010 | @a7-5329-0694-9@dCNY3.55 | |
| 020 | @aCN@b92003392 | |
| 100 | @a19920701d1991 em y0chiy0121 ea | |
| 101 | 0 | @achi |
| 102 | @aCN@b370000 | |
| 105 | @ay z 000zd | |
| 106 | @ar | |
| 200 | 10 | @a君权与亲情@Ajun quan yu qin qing@f岳洋著@FYue Yang Zhu |
| 210 | @a济南@c山东文艺出版社@d1991.8 | |
| 215 | @a252页@d19cm | |
| 225 | 2 | @a文化广角丛书@h第二辑@f门 岿主编 |
| 330 | @a本书讲述了10个自西周至春秋列国时期较有代表性的同室操戈、兵戎相见的历史故事。 | |
| 410 | 0 | @120010@a文化广角丛书 |
| 540 | 1 | @a君权 亲情@Ajun quan qin qing |
| 606 | @a君主制@y中国@x通俗读物 | |
| 606 | 0 | @a民间文学@x中国 |
| 690 | @aK224.09@v3 | |
| 690 | @aI276.3@v3 | |
| 701 | 0 | @a岳洋@Ayue yang@4著 |
| 801 | 0 | @aCN@bNLC@c19920701 |
| 905 | @dI276.3@e66@f1@b257260 | |
| 君权与亲情/岳洋著.-济南:山东文艺出版社,1991.8 |
| 252页;19cm.-(文化广角丛书.第二辑/门 岿主编) |
| ISBN 7-5329-0694-9:CNY3.55 |
| 本书讲述了10个自西周至春秋列国时期较有代表性的同室操戈、兵戎相见的历史故事。 |
| ● |
| 相关链接 |
|
|
|
|
正题名:君权与亲情
索取号:I276.3/66
 
预约/预借
| 序号 | 登录号 | 条形码 | 馆藏地/架位号 | 状态 | 备注 |
| 1 | 0257259 | 000037962 | 第一样本阅览室/ [索取号:I276.3/66] | 在馆 | |
| 2 | 0257260 | 000037953 | 第二借阅区/ [索取号:I276.3/66] | 在馆 | |
| 3 | 0257261 | 001856717 | 密集书库/ [索取号:I276.3/66] | 在馆 |